000 00484nam a22001817a 4500
003 CEME
005 20210628202830.0
008 210118b xxu||||| |||| 00| 0 eng d
020 _a81-88458-41-4
040 _c.
082 _a621.317 GUP
100 _aGupta, J.B
_93449
245 _aSwitchgear and protection
260 _aNEW DELHI
_bS.K.KATARIA
_c2004
300 _aXII,970 P
650 _aELECTRIC CONTROLESS. AUTOMATIC CONTROL.ELECTRIC SWITCHGEAR
_961839
942 _cBK
_2ddc
999 _c571152
_d571152